000 00582nam a2200229Ia 4500
003 OSt
005 20220928104035.0
006 a|||||r|||| 00| 0
007 ta
008 220927b |||||||| |||| 00| 0 eng d
024 _a53301
037 _cTextual
040 _aSDCL
_cSDCL
_beng
041 _2eng
_aeng
082 _aX76.3'N7, L6
100 _aGalloway David
_9408317
245 0 _aPubluc prodigals.
260 _aLondon
_bTemple Smith
_c1976
300 _a256p
_ccm.
942 _hX76.3'N7, L6
_cTEXL
_2CC
999 _c723798
_d723798